| 000 | 00532nam a22001817a 4500 | ||
|---|---|---|---|
| 005 | 20231003071939.0 | ||
| 008 | 231003b |||||||| |||| 00| 0 eng d | ||
| 020 | _a978-1-64172-790-7 | ||
| 082 | _a591 W119 2021 | ||
| 100 |
_aWade, Annie _eauthor |
||
| 245 |
_aZoology: _bunderstanding the animal world / _cAnnie Wade |
||
| 260 |
_aNew York: _bLarsen and Keller, _cc2021 |
||
| 300 |
_aviii, 237p.: _bill. |
||
| 490 | _aTexbook series | ||
| 504 | _aIncludes bibliographical references and index | ||
| 541 | _e7392 | ||
| 650 | _aZoology | ||
| 999 |
_c2271 _d2271 |
||